Coronavirus survey: (Record no. 121234)

MARC details
000 -LEADER
fixed length control field 00283nas a22001097a 4500
007 - PHYSICAL DESCRIPTION FIXED FIELD--GENERAL INFORMATION
fixed length control field ta
008 - FIXED-LENGTH DATA ELEMENTS--GENERAL INFORMATION
fixed length control field 180320b ||||| |||| 00| 0 eng d
041 ## - LANGUAGE CODE
Language code of text/sound track or separate title eng
100 ## - MAIN ENTRY--PERSONAL NAME
Personal author Waite, RIchard
245 ## - TITLE STATEMENT
Title Coronavirus survey:
Subtitle Profession shifts to home-working
651 ## - SUBJECT ADDED ENTRY--GEOGRAPHIC NAME
Geographic name United Kingdom 1973

No items available.